Fenologická ročenka Československé republiky

Bibliographic Details
New Title:Fenologická ročenka Československé socialistické republiky
Format: Journal
Language:Czech
Published: Praha Hydrometeorologický ústav 1953-1964
Subjects:

MARC

LEADER 00000cas a22000004a 4500
001 vtls001303334
003 SK-MaSNL
005 20260228163944.0
008 970924d19531964xr ar p 0 0b0cze c
035 |a SNK000255479 
040 |a SNK  |b slo  |c SNK  |e AACR2 
041 |a cze 
044 |a xr  |c CZ 
080 |a 581.54  |2 2001 
080 |a 551.506.8  |2 2001 
080 |a (058)  |2 2001 
245 0 0 |a Fenologická ročenka Československé republiky 
260 |a Praha  |b Hydrometeorologický ústav  |c 1953-1964 
310 |a 1x ročne 
362 0 |a 1938/39-1958/59 
500 |a Publikácia vychádzala spätne, napr. za rok 1938/39 vyšla v roku 1953, za rok 1958/59 v roku 1964 
650 0 7 |a fenológia  |2 SNKPH  |9 753 
655 7 |a ročenky  |2 SNKPH  |9 57146 
785 0 0 |t Fenologická ročenka Československé socialistické republiky 
852 |a Štátna vedecká knižnica v Banskej Bystrici 
910 |a snk 
999 |c 11571  |d 13501 
952 |0 0  |1 1  |4 0  |7 0  |a SNK  |b SNK  |d 1997-09-24  |l 0  |o snkČB 2009/2/1940-41  |p 17A0097946  |r 2005-01-02 00:00:00  |w 2026-02-21  |y PREZ 
952 |0 0  |1 1  |4 0  |7 0  |a SNK  |b SNK  |d 1997-09-24  |l 0  |o snkČB 2009/3/1942-43  |p 17A0097947  |r 2005-01-02 00:00:00  |w 2026-02-21  |y PREZ 
952 |0 0  |1 1  |4 0  |7 0  |a SNK  |b SNK  |d 1997-09-24  |l 0  |o snkČB 2009/1/1938-39  |p 17A0097952  |r 2005-01-02 00:00:00  |w 2026-02-21  |y PREZ 
952 |0 0  |1 1  |4 0  |7 0  |a SNK  |b SNK  |d 1997-09-24  |l 0  |o snkČB 2009/1948-49  |p 17A0097850  |r 2005-01-02 00:00:00  |w 2026-02-21  |y PREZ 
952 |0 0  |1 1  |4 0  |7 0  |a SNK  |b SNK  |d 1997-09-24  |l 0  |o snkČB 2009/1944-45  |p 17A0097884  |r 2005-01-02 00:00:00  |w 2026-02-21  |y PREZ 
952 |0 0  |1 1  |4 0  |7 0  |a SNK  |b SNK  |d 1997-09-24  |l 0  |o snkČB 2009/1946-47  |p 17A0098073  |r 2005-01-02 00:00:00  |w 2026-02-21  |y PREZ 
952 |0 0  |1 1  |4 0  |7 0  |a SNK  |b SNK  |d 1997-09-24  |l 0  |o snkČB 2009/1952-53  |p 17A0098150  |r 2005-01-02 00:00:00  |w 2026-02-21  |y PREZ 
952 |0 0  |1 1  |4 0  |7 0  |a SNK  |b SNK  |d 1997-09-24  |l 0  |o snkČB 2009/7/1950-51  |p 17A0097879  |r 2005-01-02 00:00:00  |w 2026-02-21  |y PREZ 
952 |0 0  |1 1  |4 0  |7 0  |a SNK  |b SNK  |d 1997-09-24  |l 0  |o snkČB 2009/1954-55  |p 17A0097929  |r 2005-01-02 00:00:00  |w 2026-02-21  |y PREZ